000 00257nam a2200097Ia 4500
001 655917
005 20250826154546.0
008 250824s9999 xx 000 0 und d
245 0 _aTALİHSİZ SER 5 KATI KURALLAR OKULU
_cLEMONY SNICKET
260 _bDOĞAN EGMONT
999 _c655917
_d655917